000 00887nam a22002177a 4500
005 20140807130249.0
010 _aB-512200-206 B-506293-295
020 _a9788184953411
_c275.00
035 _aB-512200-206 B-506293-295
037 _adpl
_bBSB/Ven
037 _adpl
_bKBD/Ven
082 _a181.45
100 _aEaswaran, Eknath
245 _aBhagavad Gita :
_cby Eknath Easwaran
_ba contemporary guide to yoga, meditation and indian philosophy /
260 _aMumbai
_bJaico Publishing House
_c2012
270 _aA-2 Jash Chambers, 7-A Sir Phirozshah Mehta Road
_bFort, Mumbai
_e400001
300 _a294p.
_c22cm(pbk)
942 _2ddc
_cEN
_h181.45
_mEAS
999 _c84189
_d84189